00622nam a22002057a 450000500170000001000270001702000230004402000260006703500130009303500130010603700130011903700230013208200160015524500690017126000450024027000610028530000300034650000190037670000210039520100413121323.0 aENG-96030 B-427846 a0198064446c645.00 a9780198064442c645.00 aEN-79563 aB-427846 bDBAD/PUB bAllied Publishers  a279.3095402 aSufism and society in medieval India/cedited by Raziuddin Aquil aNew DelhibOxford University Pressc2010 aYMCA library building, Jai Singh RoadbNew Delhie110001 axxiv, 184p. ;c22 cm.(Hb) aincludes index aAquil, Raziuddin